000 00288nam a22001217a 4500
008 180730b xxu||||| |||| 00| 0 eng d
082 _a815.32
245 _aMarketing plan pro
_cPalo Alto Software
260 _c2000-2007
300 _a1
_fCD
440 _x9780132237574
942 _2ddc
_cMX
999 _c46678
_d46678